Dni tygodnia po angielsku - Statystyki

Ogólne statystyki
  • Ten quiz został rozwiązany 6 580 razy
  • Średni wynik to 6 z 7
Statystyki odpowiedzi
Polski Angielski % Poprawnych
Poniedziałek Monday
100%
Piątek Friday
95%
Niedziela Sunday
94%
Sobota Saturday
93%
Wtorek Tuesday
86%
Czwartek Thursday
85%
Środa Wednesday
79%
Nie znaleziono quizów pasujących do podanych kryteriów
Rozkład punktacji
Procent ludzi z każdym wynikiem
Percentyl według liczby udzielonych odpowiedzi
Twoja historia wyników
Nie rozwiązałeś tego quizu